[Event "oibm_2008 Bad Wiessee"]
[Site "?"]
[Date "2008.11.05"]
[Round "?"]
[White "Edouard, R."]
[Black "Zude, A."]
[Result "1-0"]
[WhiteElo "2531"]
[BlackElo "2451"]
[PlyCount "131"]
[EventDate "2008.??.??"]

1. e4 e5 2. Nf3 Nc6 3. Bb5 a6 4. Ba4 Nf6 5. O-O Be7 6. d3 d6 7. c3 O-O 8. Re1
b5 9. Bc2 d5 10. Nbd2 dxe4 11. dxe4 Be6 12. h3 Nd7 13. Qe2 Qc8 14. Bb3 Nb6 15.
Nf1 Nc4 16. Ng3 f6 17. Nf5 Rd8 18. Nd2 Nd6 19. Ne3 Bxb3 20. axb3 Bf8 21. b4 Ne7
22. b3 c5 23. Ba3 Qc6 24. bxc5 Nxe4 25. Nxe4 Qxe4 26. Rad1 Rdb8 27. b4 a5 28.
Qa2+ Kh8 29. Nd5 Qc4 30. Qxc4 bxc4 31. Nb6 axb4 32. Nxa8 Rxa8 33. Bxb4 Nc6 34.
Ra1 Rc8 35. Ra6 Kg8 36. Rea1 Kf7 37. Ra8 Rc7 38. R1a6 Be7 39. Kf1 e4 40. Ke2
Ne5 41. R8a7 Rxa7 42. Rxa7 Ke6 43. Ra6+ Kd5 44. c6 Nxc6 45. Rxc6 Bxb4 46. Rc7
Bxc3 47. Rd7+ Ke6 48. Rxg7 h5 49. Rc7 f5 50. Rxc4 Bf6 51. Rc6+ Ke5 52. f4+
exf3+ 53. Kxf3 Be7 54. Rc7 Bg5 55. Rc5+ Kf6 56. g3 h4 57. g4 fxg4+ 58. Kxg4 Be3
59. Rc6+ Kg7 60. Kxh4 Bd2 61. Kg4 Be3 62. h4 Bd2 63. Kf5 Be1 64. h5 Bd2 65.
Rg6+ Kh7 66. h6 1-0

[Event "oibm_2008 Bad Wiessee"]
[Site "?"]
[Date "2008.11.05"]
[Round "?"]
[White "Haub, T."]
[Black "Bobras, P."]
[Result "0-1"]
[WhiteElo "2454"]
[BlackElo "2565"]
[PlyCount "94"]
[EventDate "2008.??.??"]

1. g3 e5 2. Bg2 d5 3. d3 g6 4. Nf3 Bg7 5. O-O Ne7 6. Nbd2 O-O 7. e4 Nbc6 8. c3
a5 9. a4 h6 10. exd5 Nxd5 11. Nc4 Bf5 12. Re1 Re8 13. Nh4 Be6 14. Nf3 f6 15.
Nfd2 Qd7 16. Qb3 Nde7 17. Ne4 b6 18. Bxh6 Qxd3 19. Bf1 Nd4 20. Bxd3 Nxb3 21.
Bxg7 Kxg7 22. Rad1 Rad8 23. Be2 Bd5 24. Ncd2 Nxd2 25. Nxd2 Bc6 26. b3 Rd7 27.
Nf1 Red8 28. Rxd7 Rxd7 29. Rc1 f5 30. f3 f4 31. Kf2 g5 32. g4 Nd5 33. c4 Nb4
34. c5 e4 35. fxe4 Bxe4 36. cxb6 cxb6 37. h4 gxh4 38. Rc4 Re7 39. Rd4 h3 40.
Nh2 Bd5 41. Rxf4 Bxb3 42. Bb5 Bxa4 43. Rxb4 axb4 44. Bxa4 Ra7 45. Bc6 b3 46.
Nf3 b2 47. Nd2 Ra1 0-1

[Event "oibm_2008 Bad Wiessee"]
[Site "?"]
[Date "2008.11.05"]
[Round "?"]
[White "Lauber, A."]
[Black "Burmakin, V."]
[Result "1/2-1/2"]
[WhiteElo "2497"]
[BlackElo "2625"]
[PlyCount "75"]
[EventDate "2008.??.??"]

1. d4 d5 2. c4 c6 3. Nf3 Nf6 4. Nc3 a6 5. e3 b5 6. c5 g6 7. Ne5 Bg7 8. Be2 O-O
9. O-O a5 10. a3 Nfd7 11. f4 Nxe5 12. fxe5 Na6 13. e4 dxe4 14. Nxe4 Nc7 15. Bf3
Be6 16. Bg5 Qd7 17. Qd2 a4 18. Qf2 Rad8 19. Rad1 Bb3 20. Rd2 Nd5 21. Qg3 f6 22.
exf6 Nxf6 23. Nxf6+ Bxf6 24. Bxf6 exf6 25. Re1 Bd5 26. h3 Rfe8 27. Rxe8+ Rxe8
28. Qf4 Kg7 29. Re2 Bxf3 30. Rxe8 Qxe8 31. Qxf3 Kf7 32. Kf2 Qe6 33. Qf4 g5 34.
Qc7+ Kg6 35. Qd8 Kf5 36. g4+ Kg6 37. d5 cxd5 38. c6 1/2-1/2

[Event "oibm_2008 Bad Wiessee"]
[Site "?"]
[Date "2008.11.05"]
[Round "?"]
[White "Yemelin, V."]
[Black "Meins, G."]
[Result "1/2-1/2"]
[WhiteElo "2573"]
[BlackElo "2460"]
[PlyCount "41"]
[EventDate "2008.??.??"]

1. e4 c5 2. Nf3 Nc6 3. d4 cxd4 4. Nxd4 Nf6 5. Nc3 d6 6. Bg5 e6 7. Qd2 Be7 8.
O-O-O Nxd4 9. Qxd4 O-O 10. h4 h6 11. Bd2 e5 12. Qe3 Be6 13. Bd3 Qc7 14. f3 Rfd8
15. g4 d5 16. exd5 Nxd5 17. Qe4 Nf6 18. Qe2 Nd5 19. Nxd5 Bxd5 20. g5 Qc6 21.
Qxe5 1/2-1/2

[Event "oibm_2008 Bad Wiessee"]
[Site "?"]
[Date "2008.11.09"]
[Round "?"]
[White "Bachman, A."]
[Black "Devereaux, M."]
[Result "1/2-1/2"]
[WhiteElo "2555"]
[BlackElo "2415"]
[PlyCount "116"]
[EventDate "2008.??.??"]

1. e4 c5 2. Nf3 Nc6 3. Nc3 Nf6 4. d4 cxd4 5. Nxd4 e5 6. Ndb5 d6 7. Bg5 a6 8.
Na3 b5 9. Nd5 Be7 10. Bxf6 Bxf6 11. c3 O-O 12. g3 Rb8 13. Nc2 Be7 14. Bg2 a5
15. b4 Be6 16. O-O Qd7 17. Qd3 Bd8 18. Rfd1 Ne7 19. Nce3 Qc8 20. c4 Bxd5 21.
exd5 axb4 22. cxb5 Bb6 23. Rab1 Bc5 24. Nc2 Qf5 25. Qxf5 Nxf5 26. Bf1 Ra8 27.
Nxb4 Ra4 28. Nc6 Bb6 29. Bh3 Nd4 30. Nxd4 exd4 31. Rb2 Rfa8 32. Rc1 d3 33. Rc6
Rb8 34. Rd2 Bc5 35. Bf1 g6 36. Bxd3 Rd4 37. a4 Rxa4 38. Rb2 Rd4 39. Be2 Rb6 40.
Rc2 Rb8 41. Rb2 Rb6 42. Rc7 h5 43. Kg2 Kg7 44. Bf3 Rb4 45. Re2 Rb8 46. Ree7 Rf8
47. Rb7 Rb2 48. Be2 Kf6 49. f4 Ra2 50. h3 Rb2 51. g4 hxg4 52. hxg4 g5 53. Re4
Rb3 54. fxg5+ Kxg5 55. Rbe7 Kh4 56. Re8 Rg3+ 57. Kh2 Rh3+ 58. Kg2 Rg3+ 1/2-1/2

[Event "oibm_2008 Bad Wiessee"]
[Site "?"]
[Date "2008.11.09"]
[Round "?"]
[White "Hossain, E."]
[Black "Pirrot, D."]
[Result "1-0"]
[WhiteElo "2494"]
[BlackElo "2446"]
[PlyCount "59"]
[EventDate "2008.??.??"]

1. e4 e5 2. Nf3 Nc6 3. Bb5 f5 4. d3 Nf6 5. exf5 Nd4 6. Ba4 c6 7. c3 Nxf3+ 8.
Qxf3 d5 9. g4 Bd6 10. g5 Ng8 11. Rg1 Ne7 12. f6 Nf5 13. fxg7 Nxg7 14. Qxd5 Be6
15. Qf3 Rf8 16. Qe2 e4 17. dxe4 Bxh2 18. Rh1 Bf4 19. Bxf4 Rxf4 20. Nd2 Qxg5 21.
O-O-O O-O-O 22. Qe3 Qf6 23. f3 h5 24. Qxa7 h4 25. Bb3 Rd3 26. Rhg1 Bxb3 27.
Nxb3 Rfxf3 28. Rxd3 Rxd3 29. Nc5 Qf2 30. Qa8+ 1-0

[Event "oibm_2008 Bad Wiessee"]
[Site "?"]
[Date "2008.11.09"]
[Round "?"]
[White "Jaracz, P."]
[Black "Burmakin, V."]
[Result "1/2-1/2"]
[WhiteElo "2513"]
[BlackElo "2625"]
[PlyCount "26"]
[EventDate "2008.??.??"]

1. e4 c6 2. d4 d5 3. Nc3 dxe4 4. Nxe4 Bf5 5. Ng3 Bg6 6. h4 h6 7. Nf3 Nd7 8. h5
Bh7 9. Bd3 Bxd3 10. Qxd3 e6 11. Bd2 Qc7 12. O-O-O O-O-O 13. Ne4 Ngf6 1/2-1/2

[Event "oibm_2008 Bad Wiessee"]
[Site "?"]
[Date "2008.11.09"]
[Round "?"]
[White "Naumann, A."]
[Black "Meins, G."]
[Result "1/2-1/2"]
[WhiteElo "2518"]
[BlackElo "2460"]
[PlyCount "20"]
[EventDate "2008.??.??"]

1. Nf3 Nf6 2. c4 c5 3. Nc3 e6 4. g3 b6 5. Bg2 Bb7 6. O-O Be7 7. Re1 d5 8. cxd5
Nxd5 9. Nxd5 Qxd5 10. d4 cxd4 1/2-1/2

[Event "oibm_2008 Bad Wiessee"]
[Site "?"]
[Date "2008.11.09"]
[Round "?"]
[White "Yemelin, V."]
[Black "Kaplan, S."]
[Result "1-0"]
[WhiteElo "2573"]
[BlackElo "2425"]
[PlyCount "76"]
[EventDate "2008.??.??"]

1. e4 c5 2. Nf3 e6 3. d4 cxd4 4. Nxd4 a6 5. Bd3 Bc5 6. Nb3 Be7 7. Qg4 g6 8. Qg3
d6 9. Na3 Nc6 10. O-O h5 11. Bd2 Nf6 12. Nc4 b5 13. Nca5 Bd7 14. Rae1 O-O 15.
Nxc6 Bxc6 16. Nd4 Bd7 17. e5 dxe5 18. Bxg6 Kh8 19. Bd3 exd4 20. Qf4 Ng4 21. f3
Qb8 22. fxg4 Qxf4 23. Bxf4 hxg4 24. Bh6 f5 25. Bxf5 Bh4 26. Bxf8 exf5 27. Bc5
Bxe1 28. Bxd4+ Kg8 29. Rxe1 Re8 30. Rxe8+ Bxe8 31. h4 f4 32. Kf2 Bg6 33. c3 Bb1
34. a4 bxa4 35. Bc5 Ba2 36. Ba3 Bb1 37. Bb4 Kg7 38. c4 Kf7 1-0